<?xml version="1.0" encoding="UTF-8"?>
<marc:record xmlns:marc="http://www.loc.gov/MARC21/slim">
   <marc:leader>00000nam a2200000 a 4500</marc:leader>
   <marc:datafield ind1="1" ind2=" " tag="100">
      <marc:subfield code="a">Manguel, Alberto</marc:subfield>
      <marc:subfield code="4">aut</marc:subfield>
      <marc:subfield code="e">Verfasser/-in</marc:subfield>
   </marc:datafield>
   <marc:datafield ind1="0" ind2="0" tag="245">
      <marc:subfield code="a">Die verborgene Bibliothek</marc:subfield>
   </marc:datafield>
   <marc:datafield ind1="0" ind2="0" tag="245">
      <marc:subfield code="b">eine Elegie und zehn Abschweifungen</marc:subfield>
   </marc:datafield>
   <marc:datafield ind1="0" ind2="0" tag="245">
      <marc:subfield code="c">Manguel, Alberto</marc:subfield>
   </marc:datafield>
   <marc:datafield ind1=" " ind2="1" tag="264">
      <marc:subfield code="a">Zürich</marc:subfield>
      <marc:subfield code="b">Ammann Verlag</marc:subfield>
      <marc:subfield code="c">2018</marc:subfield>
   </marc:datafield>
   <marc:datafield ind1=" " ind2=" " tag="250">
      <marc:subfield code="a">1. Auflage</marc:subfield>
   </marc:datafield>
   <marc:datafield ind1="1" ind2=" " tag="520">
      <marc:subfield code="a">Alberto Manguel, der vielleicht größte Leser unserer Zeit, erzählt in zehn unterhaltsamen und ebenso gelehrten Abschweifungen von der wunderbaren Komplizenschaft zwischen Leser und Buch und von seinen ganz persönlichen Leseeindrücken. Ein Leben lang waren ihm seine Bücher Inspiration und Freunde. Jetzt ist er ohne sie, denn seine Bibliothek schlummert verpackt in Umzugskartons. Im Geiste stöbert er nun durch die Seiten der Weltliteratur und durch die Bibliotheken seines Lebens - die Stadtbüchereien seiner Kindheit, später seine eigenen Bibliotheken in Paris, London, Mailand, in der schwülen Hitze von Tahiti. Alberto Manguel war der Vorleser des erblindenden Dichters Jorge Luis Borges und ist seit 2016 als Direktor der argentinischen Nationalbibliothek in Buenos Aires sein Nachfolger. Mit seiner 'Geschichte des Lesens' begeisterte Manguel Millionen Leser auf der ganzen Welt. Mit Walter Benjamins berühmter Rede 'Ich packe meine Bibliothek aus' im Anhang als weiteres Lesevergnügen. (Verlagstext)</marc:subfield>
   </marc:datafield>
   <marc:datafield ind1=" " ind2=" " tag="020">
      <marc:subfield code="a">9783103973693</marc:subfield>
      <marc:subfield code="9">9783103973693</marc:subfield>
   </marc:datafield>
   <marc:datafield ind1=" " ind2=" " tag="020">
      <marc:subfield code="a">3103973691</marc:subfield>
      <marc:subfield code="9">3103973691</marc:subfield>
   </marc:datafield>
   <marc:datafield ind1=" " ind2=" " tag="041">
      <marc:subfield code="a">ger</marc:subfield>
   </marc:datafield>
   <marc:datafield ind1=" " ind2=" " tag="338">
      <marc:subfield code="a">Band</marc:subfield>
   </marc:datafield>
   <marc:datafield ind1=" " ind2=" " tag="300">
      <marc:subfield code="a">183 Seiten</marc:subfield>
   </marc:datafield>
</marc:record>
